| 000 | 00524nam a2200169Ia 4500 | ||
|---|---|---|---|
| 003 | GCL | ||
| 008 | 140319s9999 xx 000 0 ara d | ||
| 040 |
_aGCL / _cGCL |
||
| 082 | 0 | 4 |
_aط _b920.71 _bس ر |
| 100 | 1 | _aسامى البجيرمى | |
| 245 | 1 | 0 |
_aكريستوفر كولمبس / _cسامى البجيرمى |
| 490 |
_aالرحالة العرب والاجانب _v0 |
||
| 650 | 0 | 4 | _aالتراجم الذاتية |
| 650 | 0 | 4 | _aالرجال - تراجم |
| 650 | 0 | 4 | _aكولمبس , كرستوفر |
| 942 |
_2ddc _cBK |
||
| 999 |
_c49545 _d49545 |
||